000 01933nam0a2200337 4500
001 RU\NLR\bibl\115227
005 20260406103204.0
010 _9300
_z5-93550-005
021 _aRU
_b2000-24642
_91164
035 _a(NLR Aleph) 000112827
090 _a640496
_c640496
100 _a20001027d2000 |||y0rusy50 ca
101 0 _arus
102 _aRU
105 _aa |||||||||
200 1 _aКачество питьевой воды, водоотведение и здоровье населения
_eСб. материалов межрегион. науч.-практ. конф.
_g[Редкол.: проф. Г.Г. Онищенко и др.]
210 _aРязань
_cПоверенный
_d2000
215 _a272,[1] с.
_cил.
_d20
300 _aВ надзаг.: М-во здравоохранения РФ, Деп. гос. сан.-эпидемиол. надзора в Рязан. обл., Ряз. гос. мед. ун-т им. акад. И.П. Павлова, Всерос. науч.-мед. о-во гигиенистов и сан. врачей, Ряз. обл. обществ. орг. гигиенистов и эпидемиологов
320 _aБиблиогр.: с. 247-250
606 0 _aЗдоровье
_jСъезды, совещания и т.п.
_xВлияние питьевой воды
_91187767
_3RU\NLR\auth\66478916
606 0 _aПитьевая вода
_jСъезды, совещания и т.п.
_xКачество
_xГигиеническая оценка
_91939407
_3RU\NLR\auth\66886158
686 _aР121.15я431(2)
686 _aР121.251.1я431(2)
702 1 _4340
_8rus
_7ca
_aОнищенко
_bГ. Г.
_f1950-
_gГеннадий Григорьевич
_3RU\NLR\auth\7787928
_970856
801 0 _aRU
_bNLR
_c20001027
_gPSBO
801 1 _aRU
_bNLR
_c20001027
852 _aNLR
_j2000-3/12547
942 _cBOOK
980 _aNB